Statistiche per Giudici di "X Factor"

Clicka qui per fare il quiz!

Statistiche generali

  • Questo quiz è stato fatto 23 volte
  • Il punteggio medio è 19 su 24

Statistiche sulle risposte

Risposta% Corretto
Morgan
100%
Fedez
95%
Mara Maionchi
95%
Elio
91%
Mika
91%
Rkomi
91%
Sfera Ebbasta
91%
Arisa
86%
Emma
86%
Levante
86%
Malika Ayane
86%
Simona Ventura
86%
Skin
86%
Álvaro Soler
82%
Ambra Angiolini
82%
Dargen D'Amico
82%
Manuel Agnelli
77%
Anna Tatangelo
73%
Samuel
64%
Victoria Cabello
64%
Hell Raton
55%
Enrico Ruggeri
50%
Lodo Guenzi
41%
Claudia Mori
23%

Distribuzione punteggi

Percentile per numero di risposta

Percentuale di utenti per punteggio

I tuoi punteggi nel tempo

Non hai fatto questo quiz